| 000 | 01307cab a2200301 4500 | ||
|---|---|---|---|
| 001 | ABS45574 | ||
| 008 | 090401t1991 xxu||||| |||| 00| 0 eng d | ||
| 035 | _a(Sirsi) u53791 | ||
| 041 | _aeng | ||
| 100 | _aGibbs, D.C. | ||
| 245 | _aGreening the local economy | ||
| 260 | _c1991 | ||
| 350 | _a0 | ||
| 490 |
_aLocal Economy _v6(3) November 1991, 224-239(8) |
||
| 520 | _aAs EC and UK legislation forces or encourages local authorities to take on more responsibility for environmental matters, this paper argues for a more radical approach by local authorities, suggesting ways, in which economic growth can be integrated with environmental aims. Advocates use of environmentally friendly firms, improvement of the working environment, investment in sustainable developments and planning policies, which encourage green spaces and use of public transport. | ||
| 650 | _aECONOMIC DEVELOPMENT | ||
| 650 | _aENVIRONMENTAL AUDITS | ||
| 650 | _aENVIRONMENTAL IMPACT ASSESSMENTS | ||
| 650 | _aENVIRONMENTAL PROTECTION ACT 1990 | ||
| 650 | _aENVIRONMENTAL TECHNOLOGY PARKS | ||
| 650 | _aGREEN ISSUES | ||
| 650 | _aLOCAL AUTHORITIES | ||
| 650 | _aSUSTAINABLE DEVELOPMENT | ||
| 690 | _aECONOMIC AND SOCIAL | ||
| 690 | _aENVIRONMENTAL AND LAND CONSULTANCY | ||
| 942 | _n0 | ||
| 948 | _c04/03/1997 | ||
| 999 |
_c33067 _d33067 |
||